1626 1810 1053 1489 1401 1801 1914 1776 1748 1120 1947 1887 1015 1500 1349 1190 1062 1808 1390 1706 1835 1640 1178 1100 1431 1551 1821 1664 1390 1014 1852 1714 1205 1028 1819 1387 1240 1402 1442 1345 1723 1251 1334 1380 1078 1463 1600 1843 1698 1401 1606 1170 1815 1264 1075 1130 1505 1343 1296 1562 1118 1304 1201 1524 1018 1416 1713 1469 1160 1785 1342 1035 1297 1685 1102 1968 1272 1940 1419 1373 1388 1061 1377 1629 1263 1774 1329 1452 1187 1220 1383 1510 1460 1128 1913 1316 1291 1401 1908 BCNSPRNW ULIB Ver.6.0+V

เปลี่ยนเป็นภาษาไทย

Change to English
 แสดงรายละเอียดบรรณานุกรม
  กลับหน้าหลัก

Brief Record : Get Marc (ISO 2709) : E-mail record : QR code < ปิดหน้าต่าง
LEADER : 00000nam 2200000uu 4500
001    13399113569
003     ULIB
008    111128s2552||||th 000 0 tha d
020    ^a9786110600842
090    ^aนว.^bณ111ห 2552
100 0  ^aณ มน
245 00 ^aหัวใจใต้แสงดาว/^cณ มน
250    ^aพิมพ์ครั้งที่ 2
260    ^aกรุงเทพฯ :^bแจ่มใส,^c2552
300    ^a251 หน้า
710 1  ^aแจ่มใส
945    ^p219^l0^i15773
995    ^aกัณชพร
999    ^aใช้งานได้ทุกระบบ
รายการนี้ยังไม่มีแท็ก
คุณยังไม่ได้ล็อกอิน คุณสามารถมีกิจกรรมร่วมกับเว็บไซต์ได้ แต่ต้องล็อกอินก่อน ::
  ล็อกอิน

รายการสื่อสารสนเทศ

ลำดับที่ ประเภท เลขเรียก/บาร์โค้ด สถานที่ สถานะ
1. นวนิยาย
นวนิยาย
นว. ณ111ห 2552  
  Barcode: 15773
ห้องสมุดวิทยาเขตสวรรค์ประชารักษ์
►นวนิยาย
บนชั้น
  ขอยืม

BibComment


ยังไม่เคยถูกคอมเมนท์

คอมเมนท์ทรัพยากรรายการนี้
  คอมเมนท์: หัวใจใต้แสงดาว ณ..


 Copyright 2026. Bcnsprnw @Library